000 02021cam a22004814i 4500
003 PE-LiUPU
005 20250731165518.0
008 150623s r 000 0 d
035 _a(Sirsi) a25645
035 _a(Sirsi) a25645
040 _aPE-LiUPU
_bspa
_cPE-LiUPU
_erda
082 0 4 _a746.4303
_bC79
_221
245 0 0 _aCostura y tejidos.
_n1 /
_cJorge D'Urbano, ed.
264 1 _aBuenos Aires :
_bEditorial Abril Educativa y Cultural,
_c1974.
300 _a336 páginas :
_bilustraciones fotos, gráficos, cuadros. ;
_c27 cm.
336 _atext
_2rdacontent
337 _aunmediated
_2rdamedia
338 _avolume
_2rdacarrier
500 _aContiene fascículos del n°1 al n°12.
505 0 _aGuardarropa de ciudad. Boutique para bebé. Accesorios. Curso de tricot. Curso de crochet. Curso de corte y confección. Labores para el hogar. Curso de tejido a máquina. Boutique sencilla. Fasc. 2 Colección de tricot. Manualidades. Fasc. 3 Guardarropa de hombre. Facs. 4 Guardarropa de estampado. Accesorios. Fasc. 6 Guardarropa infantil. Fasc. 7 Guardarropa de noche. Fasc. 9 Colección crochet.
526 _aSEG44
526 _aSEG26
526 _aP151
526 _aP150
526 _aP149
526 _aP146
526 _aP145
526 _aP126
526 _aP125
526 _aP92
526 _aP75
526 _aP74
526 _aP27
526 _aP15
650 0 4 _aLabores femeninas.
700 1 _aD'Urbano, Jorge,
_eed.
942 _2ddc
_cBOOK
949 _aRC 746.4303 C79 1
_wDEWEY
_c1
_i49767
_lRC
_mBUL
_r0
_sY
_tBOOK
_u2015-6-24
_xBIBLIOTECA
_zUNKNOWN
_0COMPRA
_o.CIRCNOTE. No olvidar cambiar la fecha de devolución!!!!!!!
_o.STAFF. Colección General
994 _aC0
_bPEPRU
596 _a1
999 _aRC 746.4303 C79 1
_wDEWEY
_c32589
_i49767
_f2021-11-8
_g5
_lRCG
_mBUL
_r0
_sY
_tBOOK
_u2015-6-24
_xBIBLIOTECA
_zUNKNOWN
_0COMPRA
_o.CIRCNOTE. No olvidar cambiar la fecha de devolución!!!!!!!
_o.STAFF. Colección General
_d32589
980 _81
_gALBERTO SANCHEZ Responsable de Automatización